Pintura argentina : panorama del período 1810-2000. volúmen dedicado a los pintores de la boca ii /
Guardado en:
| Autor Principal: | |
|---|---|
| Otros Autores: | , |
| Formato: | Libro |
| Publicado: |
Buenos Aires :
Velox,
2001
|
| Series: | Arte Para Todos; 12
|
| Materias: | |
| Etiquetas: |
Agregar Etiqueta
Sin Etiquetas, Sea el primero en etiquetar este registro!
|
| LEADER | 01080nam a22002415a 4500 | ||
|---|---|---|---|
| 001 | CEM.cems014048 | ||
| 005 | 20130814164336.0 | ||
| 008 | 130507s2001##################000#0#####d | ||
| 003 | CEMS | ||
| 020 | |a 987101015X | ||
| 082 | 0 | 4 | |a 759.982 |
| 100 | 1 | |a Blastein, Isidoro | |
| 245 | 1 | 0 | |a Pintura argentina : |b panorama del período 1810-2000. volúmen dedicado a los pintores de la boca ii / |c Isidoro Blaisten, Sylvia Iparraguirre y María Teresa Constantin |
| 260 | |a Buenos Aires : |b Velox, |c 2001 | ||
| 300 | |a 23 p. | ||
| 490 | 0 | |a Arte Para Todos; 12 | |
| 505 | 0 | |a Obras de Víctor Cúnsulo : Paisaje de la Boca, Puerto-Vista Vuelta de Rocha, El Puerto, Vuelta de Rocha, La Iglesia de la Boca, Paisaje de La Rioja, Elevadores.Obras de Miguel Diomede : Autorretrato, Autorretrato con fondo verde, Desnudo de Espalda, Calle de La Boca, Paisaje de La Boca | |
| 653 | |a Pintura | ||
| 653 | |a Pintura argentina | ||
| 653 | |a Pintura de la boca | ||
| 700 | 1 | |a Iparraguirre, Sylvia | |
| 700 | 1 | |a Constantin, María Teresa | |
| 859 | |a CEMS |b BIB. CEMS - 11 de abril |h 759.982 |i B634-2 |p 26704.13 |t Ej.1 | ||
